000 00648nam a2200229 i 4500
001 C2-0114159
003 PPAK
005 20180727104540.0
008 970707s1988 my a|||| ||||| | may d
040 _aPPAK
_beng
_cPPAK
_erda
082 0 4 _a499.23
_223
090 0 0 _a499.23
_bISM
_dKK
100 0 _aIsmail Hussein,
_eauthor
245 1 0 _aPembakuan Bahasa Melayu se-nusantara
264 1 _a[Kuala Lumpur] :
_bDewan Bahasa dan Pustaka ,
_c1988
300 _a[4 pages] :
_billustrations ;
_c29 cm
336 _2rdacontent
_atext
337 _2rdamedia
_aunmediated
338 _2rdacarrier
_avolume
650 1 0 _aMalay language
942 _ddc
_cB
999 _c29075
_d29075